000 00995nam a2200301 i 4500
001 bg
245 0 0 _aEkonomika i zarządzanie małą firmą /
_cBogdan Piasecki red. nauk. ; [aut. Jerzy Dietl et al.] ; Fundacja Edukacyjna Przedsiębiorczość.
250 _aWyd.2 popr. i uzup.
260 _aWarszawa ;
_aŁódź :
_bWydawnictwo Naukowe PWN,
_c1999.
300 _a572, [1] s. :
_bil. ;
_c25 cm.
490 1 _aPrzedsiębiorczość
500 0 _aNazwy aut. na s. 12.
504 _aBibliogr. s. 559-568 i przy rozdz.
650 9 _aPrzedsiębiorstwa małe i średnie
_xekonomika
650 9 _aPrzedsiębiorstwa małe i średnie
_xorganizacja
650 9 _aZarządzanie
700 1 _aPiasecki, Bogdan.
_eRed.
700 1 _aDietl, Jerzy
_d(1927-).
830 0 _aPrzedsiębiorczość
020 _a8301129794
040 _cBPK
041 0 _apol
044 _aPOL
080 _a658.114-022.51
920 _a83-01-12979-4
942 _cKS
008 100820s1999 pl a |000 0 pol
999 _c49623
_d49623
856 _uhttp://koha.tu.koszalin.pl/cgi-bin/koha/opac-detail.pl?biblionumber=49623
_yKatalog online BPK